[Event "Ukraine Championship-2017 U20 (Girls) R"]
[Site "Lviv"]
[Date "2017.03.01"]
[Round "3.1"]
[White "Osmak, Iulija"]
[Black "Salah, Nadezhda"]
[Result "1-0"]
[WhiteElo "2291"]
[BlackElo "1909"]
[Annotator ",Àäìèíèñòðàòîð"]
[PlyCount "83"]
[EventDate "2017.03.01"]
[EventType "swiss (rapid)"]
[EventRounds "9"]
[EventCountry "UKR"]

1. d4 Nf6 2. Bf4 g6 3. e3 Bg7 4. Be2 d6 5. Nf3 O-O 6. h3 b6 7. O-O Bb7 8. Bh2
Nbd7 9. a4 a6 10. Re1 c5 11. c3 Ra7 12. Nbd2 Qa8 13. Bd3 Ne4 14. Nxe4 Bxe4 15.
Bxe4 Qxe4 16. Qb3 Rb7 17. Ng5 Qc6 18. d5 Qc8 19. e4 b5 20. axb5 axb5 21. Qc2 c4
22. Nf3 Nc5 23. Re2 b4 24. e5 b3 25. Qd2 Rb6 26. Ra7 Ra6 27. Rxe7 Ra1+ 28. Re1
Rxe1+ 29. Nxe1 dxe5 30. Bxe5 Bxe5 31. Rxe5 Qd7 32. Qd4 Qd6 33. Re2 Na4 34. Qxc4
Ra8 35. Qxb3 Nc5 36. Qd1 Ra2 37. Re8+ Kg7 38. Qd4+ Kh6 39. b4 Nd7 40. Re4 f6
41. Re6 Qc7 42. Qh4+ 1-0

[Event "Ukraine Championship-2017 U20 (Girls) R"]
[Site "Lviv"]
[Date "2017.03.01"]
[Round "3.2"]
[White "Rudenko, Veronika"]
[Black "Bezkorovaina, Mariia"]
[Result "0-1"]
[WhiteElo "1936"]
[BlackElo "2124"]
[PlyCount "58"]
[EventDate "2017.03.01"]
[EventType "swiss (rapid)"]
[EventRounds "9"]
[EventCountry "UKR"]

1. d4 Nf6 2. c4 e6 3. Nc3 Bb4 4. e3 b6 5. f3 Bb7 6. Bd3 O-O 7. Nge2 d5 8. O-O
dxc4 9. Bxc4 c5 10. a3 cxd4 11. axb4 dxc3 12. bxc3 Qc7 13. Bd3 a5 14. b5 Nbd7
15. e4 Rfd8 16. Qc2 Ne5 17. Rd1 Qc5+ 18. Kh1 Nxd3 19. Rxd3 Qxb5 20. Rxd8+ Rxd8
21. Be3 Ba6 22. Nd4 Qc4 23. Qb2 Nd7 24. Rd1 Qc7 25. g3 Nc5 26. Kg2 h6 27. Rc1
Nd3 28. Qb1 Nxc1 29. Bxc1 Qxc3 0-1

[Event "Ukraine Championship-2017 U20 (Girls) R"]
[Site "Lviv"]
[Date "2017.03.01"]
[Round "3.3"]
[White "Barchuk, Irina"]
[Black "Kozachenko, Sofia"]
[Result "1-0"]
[WhiteElo "2078"]
[BlackElo "1602"]
[PlyCount "84"]
[EventDate "2017.03.01"]
[EventType "swiss (rapid)"]
[EventRounds "9"]
[EventCountry "UKR"]

1. e4 c5 2. Nf3 d6 3. d4 cxd4 4. Nxd4 Nf6 5. Nc3 a6 6. Be3 e5 7. Nb3 Be6 8. Qd2
Be7 9. f4 Qc7 10. O-O-O Nbd7 11. h3 h5 12. g3 Rc8 13. f5 Bc4 14. Rg1 Bxf1 15.
Rdxf1 b5 16. Rg2 Qb7 17. Qd3 b4 18. Nd5 Nxd5 19. exd5 Nb6 20. Rd1 Nc4 21. Bg1
a5 22. Kb1 a4 23. Nd2 Nxd2+ 24. Rdxd2 f6 25. g4 hxg4 26. Rxg4 Bd8 27. Rdg2 Rh7
28. h4 Kf8 29. a3 b3 30. Rxa4 bxc2+ 31. Rxc2 Ra8 32. Rb4 Qd7 33. Rc6 Rh5 34.
Ka2 Rxf5 35. Qh3 g6 36. h5 Qh7 37. Qb3 gxh5 38. Rxd6 Be7 39. Rb8+ Rxb8 40.
Qxb8+ Kf7 41. Rd7 Rf1 42. Rxe7+ Kxe7 1-0

[Event "Ukraine Championship-2017 U20 (Girls) R"]
[Site "Lviv"]
[Date "2017.03.01"]
[Round "4.1"]
[White "Barchuk, Irina"]
[Black "Osmak, Iulija"]
[Result "1/2-1/2"]
[WhiteElo "2078"]
[BlackElo "2291"]
[PlyCount "150"]
[EventDate "2017.03.01"]
[EventType "swiss (rapid)"]
[EventRounds "9"]
[EventCountry "UKR"]

1. e4 e6 2. d4 d5 3. Nc3 Nf6 4. e5 Nfd7 5. f4 c5 6. Nf3 Nc6 7. Be3 Be7 8. Qd2
a6 9. Be2 Qb6 10. Na4 Qb4 11. Qxb4 Nxb4 12. Kd2 b6 13. c3 Nc6 14. a3 c4 15. Bd1
Na5 16. Bc2 b5 17. Nc5 Nxc5 18. dxc5 Bd7 19. Bd4 Nb7 20. a4 Nxc5 21. axb5 Bxb5
22. Bxc5 Bxc5 23. Nd4 Ke7 24. Ra2 Rhb8 25. Rha1 Bd7 26. Kc1 Rb6 27. Ra5 Bxd4
28. cxd4 Rab8 29. R1a2 Bc8 30. R5a3 h6 31. Rg3 Kf8 32. Rga3 Rb4 33. g4 f6 34.
Rf3 R8b7 35. exf6 gxf6 36. g5 Kg7 37. gxf6+ Kxf6 38. Rh3 Rg7 39. Rxh6+ Kf7 40.
Rh7 Rxh7 41. Bxh7 Rb3 42. Ra3 Rxa3 43. bxa3 Bd7 44. Kd2 Kf6 45. Bc2 Be8 46. Ke3
Bg6 47. Ba4 Be4 48. h4 Bg6 49. Bd1 a5 50. Kd2 Be4 51. Ke3 Kg6 52. Be2 Kf5 53.
h5 Kf6 54. Bd1 Bf5 55. Be2 Kg7 56. Bd1 Kh6 57. Be2 Bh7 58. Bd1 Bf5 59. Be2 Kg7
60. Bd1 Kf6 61. Be2 Bc2 62. Kd2 Be4 63. Ke3 Kg7 64. Bd1 Kf7 65. Be2 Kf6 66. Bd1
c3 67. Bg4 Bf5 68. Be2 Bh7 69. Bg4 Be4 70. Ke2 Bf5 71. Bf3 Bh7 72. Bg4 Be4 73.
Ke3 Bf5 74. Be2 Bh7 75. Bg4 Bf5 1/2-1/2

[Event "Ukraine Championship-2017 U20 (Girls) R"]
[Site "Lviv"]
[Date "2017.03.01"]
[Round "4.2"]
[White "Bezkorovaina, Mariia"]
[Black "Sydoryak, Vira"]
[Result "1-0"]
[WhiteElo "2124"]
[BlackElo "1735"]
[PlyCount "89"]
[EventDate "2017.03.01"]
[EventType "swiss (rapid)"]
[EventRounds "9"]
[EventCountry "UKR"]

1. e4 c5 2. Nf3 Nc6 3. c3 e6 4. d4 d5 5. exd5 exd5 6. Bb5 Bd6 7. O-O Nf6 8.
Re1+ Be6 9. dxc5 Bxc5 10. Nd4 O-O 11. Bg5 h6 12. Be3 Nxd4 13. Bxd4 Qb6 14. a4
Ne4 15. Bxc5 Qxc5 16. Qd4 Qxd4 17. cxd4 Rfc8 18. Bd3 Rc6 19. Bxe4 dxe4 20. Nc3
Rc4 21. Rxe4 Rd8 22. Rd1 Rb4 23. Rd2 Bb3 24. a5 a6 25. f3 g6 26. d5 Rc4 27.
Rxc4 Bxc4 28. Rd4 Bb3 29. Rb4 Bc2 30. Rxb7 Kg7 31. Rb6 Bd3 32. Kf2 h5 33. Ke3
Bf1 34. g3 Rd7 35. Kd4 g5 36. Ne4 g4 37. fxg4 hxg4 38. Nf6 Rc7 39. Rc6 Rb7 40.
Nh5+ Kf8 41. d6 Ke8 42. Nf6+ Kd8 43. d7 Ke7 44. Rc8 Rb4+ 45. Kc3 1-0

[Event "Ukraine Championship-2017 U20 (Girls) R"]
[Site "Lviv"]
[Date "2017.03.01"]
[Round "4.3"]
[White "Mats, Diana"]
[Black "Tribushna, Hanna"]
[Result "0-1"]
[WhiteElo "2051"]
[BlackElo "1755"]
[PlyCount "78"]
[EventDate "2017.03.01"]
[EventType "swiss (rapid)"]
[EventRounds "9"]
[EventCountry "UKR"]

1. e4 d6 2. Nc3 Nf6 3. g3 g6 4. Bg2 Bg7 5. d3 O-O 6. Nge2 c5 7. O-O Nc6 8. h3
Rb8 9. a4 a6 10. Be3 b5 11. axb5 axb5 12. Qd2 Nd7 13. g4 Nd4 14. Ng3 b4 15. Nd1
b3 16. c3 Nc2 17. Ra4 Qc7 18. Bh6 Bxh6 19. Qxh6 Nb6 20. Ra5 Na8 21. Rxa8 Rxa8
22. Bf3 Ra1 23. h4 Ba6 24. Be2 Qd7 25. Kg2 d5 26. e5 d4 27. c4 Bb7+ 28. f3 Qxg4
29. Qg5 Qxg5 30. hxg5 Rfa8 31. Kf2 R8a2 32. Nh1 Ne3 33. Nxe3 dxe3+ 34. Kxe3
Rxf1 35. Bxf1 Rxb2 36. Ng3 Rh2 37. d4 cxd4+ 38. Kxd4 b2 39. Bd3 Rd2 0-1

[Event "Ukraine Championship-2017 U20 (Girls) R"]
[Site "Lviv"]
[Date "2017.03.01"]
[Round "5.1"]
[White "Osmak, Iulija"]
[Black "Bezkorovaina, Mariia"]
[Result "1-0"]
[WhiteElo "2291"]
[BlackElo "2124"]
[PlyCount "85"]
[EventDate "2017.03.01"]
[EventType "swiss (rapid)"]
[EventRounds "9"]
[EventCountry "UKR"]

1. e4 e5 2. Nf3 Nc6 3. Bb5 Nge7 4. O-O g6 5. c3 Bg7 6. d4 O-O 7. dxe5 Nxe5 8.
Nxe5 Bxe5 9. Bh6 Bg7 10. Bxg7 Kxg7 11. Bc4 d6 12. f4 Nc6 13. Nd2 Be6 14. f5
Bxc4 15. f6+ Kh8 16. Nxc4 Re8 17. Qg4 b5 18. Ne3 Re5 19. Rae1 Qf8 20. Nd5 Rc8
21. Qe2 a6 22. a4 Rce8 23. Qd3 Rh5 24. axb5 axb5 25. Nxc7 Ne5 26. Qe2 Rb8 27.
Nd5 Qh6 28. h3 Rh4 29. Qe3 Qh5 30. Rf4 g5 31. Rxh4 Qxh4 32. Rf1 g4 33. Qf4 Qh5
34. hxg4 Nxg4 35. Qxd6 Rg8 36. Ne7 Re8 37. Qg3 Qg5 38. Qf4 Qh5 39. Rf3 Qc5+ 40.
Kh1 h5 41. Rh3 Nf2+ 42. Kh2 Nxh3 43. Qh6# 1-0

[Event "Ukraine Championship-2017 U20 (Girls) R"]
[Site "Lviv"]
[Date "2017.03.01"]
[Round "5.2"]
[White "Rudenko, Veronika"]
[Black "Barchuk, Irina"]
[Result "0-1"]
[WhiteElo "1936"]
[BlackElo "2078"]
[PlyCount "50"]
[EventDate "2017.03.01"]
[EventType "swiss (rapid)"]
[EventRounds "9"]
[EventCountry "UKR"]

1. d4 Nf6 2. c4 g6 3. Nc3 Bg7 4. e4 d6 5. Nf3 O-O 6. Be2 e5 7. O-O Nc6 8. d5
Ne7 9. a3 Nd7 10. b4 f5 11. Nd2 Nf6 12. Qb3 Kh8 13. Bf3 f4 14. h3 g5 15. c5 h5
16. Re1 g4 17. hxg4 hxg4 18. Be2 Nh5 19. Bc4 Ng6 20. Ne2 Qh4 21. Kf1 f3 22. Ng3
Nxg3+ 23. fxg3 Qh1+ 24. Kf2 fxg2+ 25. Ke2 Qxe1+ 0-1

[Event "Ukraine Championship-2017 U20 (Girls) R"]
[Site "Lviv"]
[Date "2017.03.01"]
[Round "5.3"]
[White "Martynkova, Olena"]
[Black "Sydoryak, Vira"]
[Result "1-0"]
[WhiteElo "1899"]
[BlackElo "1735"]
[PlyCount "73"]
[EventDate "2017.03.01"]
[EventType "swiss (rapid)"]
[EventRounds "9"]
[EventCountry "UKR"]

1. d4 Nf6 2. Nf3 g6 3. c4 c5 4. d5 e6 5. Nc3 exd5 6. cxd5 d6 7. Bf4 Bg7 8. h3
O-O 9. e3 a6 10. a4 b6 11. Nd2 Ra7 12. Be2 Re7 13. O-O Bb7 14. Nc4 Ne8 15. Bf3
h6 16. Qb3 g5 17. Bh2 f5 18. Qxb6 Qxb6 19. Nxb6 f4 20. exf4 gxf4 21. Rae1 Rxe1
22. Rxe1 Be5 23. Nc4 Nd7 24. Bg4 Nef6 25. Nxe5 Nxe5 26. Be6+ Kg7 27. Rb1 Nh5
28. b4 c4 29. b5 Kf6 30. bxa6 Bxa6 31. Rb6 Ra8 32. Rxd6 Ke7 33. Rb6 Nd3 34. Bf5
Nf6 35. d6+ Kd8 36. g3 Nd5 37. Nxd5 1-0

[Event "Ukraine Championship-2017 U20 (Girls) R"]
[Site "Lviv"]
[Date "2017.03.01"]
[Round "6.1"]
[White "Tribushna, Hanna"]
[Black "Osmak, Iulija"]
[Result "0-1"]
[WhiteElo "1755"]
[BlackElo "2291"]
[PlyCount "86"]
[EventDate "2017.03.01"]
[EventType "swiss (rapid)"]
[EventRounds "9"]
[EventCountry "UKR"]

1. e4 e5 2. Nf3 Nc6 3. Bc4 Bc5 4. d3 Nf6 5. O-O O-O 6. c3 a6 7. Bb3 d6 8. h3 h6
9. Be3 Qe7 10. Nbd2 Bxe3 11. fxe3 Be6 12. Qe1 d5 13. exd5 Nxd5 14. Rd1 Rad8 15.
d4 Nb6 16. Qg3 Bxb3 17. axb3 Rfe8 18. Nh4 Qg5 19. Qxg5 hxg5 20. Nf5 f6 21. g4
Kf7 22. Kg2 exd4 23. exd4 Nd5 24. c4 Nf4+ 25. Kg3 Nxd4 26. Nxd4 Rxd4 27. Nf3
Rde4 28. Rd7+ R8e7 29. Rfd1 Re3 30. Rxe7+ Kxe7 31. Re1 Rxe1 32. Nxe1 Ne2+ 33.
Kg2 Kd6 34. b4 Ke5 35. Nf3+ Ke4 36. h4 Nf4+ 37. Kg3 gxh4+ 38. Nxh4 Nd3 39. Nf5
g6 40. Ne7 Nxb2 41. Nxg6 Nxc4 42. Ne7 Ne3 43. Ng8 Nd5 0-1

[Event "Ukraine Championship-2017 U20 (Girls) R"]
[Site "Lviv"]
[Date "2017.03.01"]
[Round "6.2"]
[White "Bezkorovaina, Mariia"]
[Black "Barchuk, Irina"]
[Result "1-0"]
[WhiteElo "2124"]
[BlackElo "2078"]
[PlyCount "159"]
[EventDate "2017.03.01"]
[EventType "swiss (rapid)"]
[EventRounds "9"]
[EventCountry "UKR"]

1. d4 Nf6 2. Nf3 g6 3. Bf4 Bg7 4. Nbd2 c5 5. e3 cxd4 6. exd4 O-O 7. Bd3 Nd5 8.
Be5 f6 9. Bg3 Nb4 10. Bc4+ d5 11. Bb3 Be6 12. O-O Bf7 13. Re1 Nd7 14. Qe2 Nc6
15. Qb5 Qb6 16. a4 Rfe8 17. Bxd5 Qxb5 18. Bxf7+ Kxf7 19. axb5 Nb4 20. Rec1 Rec8
21. Ne1 Bh6 22. f4 e5 23. dxe5 fxe5 24. Ra4 exf4 25. Bf2 a5 26. bxa6 Nxa6 27.
Ndf3 Ndc5 28. Raa1 Bg7 29. Bd4 Ne6 30. Bxg7 Kxg7 31. Nd3 g5 32. Ra5 h6 33. c3
Nac5 34. Nxc5 Nxc5 35. Rca1 Rxa5 36. Rxa5 Nd3 37. Rb5 Rc7 38. Nd4 Kf6 39. Kf1
Re7 40. Rb6+ Kf7 41. Nc2 h5 42. h3 g4 43. hxg4 hxg4 44. b3 Nc1 45. Nd4 Nd3 46.
Nc2 f3 47. gxf3 gxf3 48. Rh6 Re2 49. Rh3 Rf2+ 50. Kg1 Kg6 51. Ne1 Rd2 52. Nxf3
Rd1+ 53. Kh2 Nf2 54. Rg3+ Kf6 55. Nd4 Rh1+ 56. Kg2 Ke5 57. Kxf2 Rh2+ 58. Ke3
Rh1 59. Rg5+ Kd6 60. Rb5 Rh3+ 61. Kd2 Rh2+ 62. Kd3 Rh3+ 63. Kc4 Kc7 64. b4 Rg3
65. Rf5 Rh3 66. Kd5 Kb8 67. c4 Rh1 68. b5 Ka7 69. Ne6 Rd1+ 70. Kc5 Rb1 71. Rf7
Rd1 72. b6+ Ka6 73. Nc7+ Ka5 74. Rf8 Ka4 75. Ra8+ Kb3 76. Nb5 Rh1 77. Nd4+ Kc3
78. Ra3+ Kd2 79. Kb5 Rh4 80. Nf3+ 1-0

[Event "Ukraine Championship-2017 U20 (Girls) R"]
[Site "Lviv"]
[Date "2017.03.01"]
[Round "6.3"]
[White "Martynkova, Olena"]
[Black "Dvornitskaja, Elena"]
[Result "1-0"]
[WhiteElo "1899"]
[BlackElo "1926"]
[PlyCount "131"]
[EventDate "2017.03.01"]
[EventType "swiss (rapid)"]
[EventRounds "9"]
[EventCountry "UKR"]

1. e4 d6 2. d4 Nf6 3. Nc3 g6 4. f4 Bg7 5. Nf3 O-O 6. Bd3 Na6 7. O-O c5 8. d5
Rb8 9. Qe2 Nb4 10. Bc4 Bg4 11. a3 Na6 12. h3 Bxf3 13. Qxf3 Nc7 14. a4 a6 15. a5
b5 16. axb6 Rxb6 17. Qe2 e6 18. dxe6 fxe6 19. Rd1 d5 20. exd5 exd5 21. Qf3 Rd6
22. Bf1 Nh5 23. Ne2 Ne6 24. c3 Bh6 25. g3 Qd7 26. Bg2 Ng5 27. Qg4 Nf7 28. Qxd7
Rxd7 29. Rxd5 Re7 30. Bf3 Nf6 31. Rxc5 Rfe8 32. Nd4 Ne4 33. Bxe4 Rxe4 34. Bd2
Bf8 35. Rc6 Nd8 36. Rc8 Nf7 37. Rxe8 Rxe8 38. Rxa6 Nd6 39. Rc6 Ne4 40. Be1 Nc5
41. Bf2 Nd3 42. b4 Ra8 43. Re6 Ra1+ 44. Kg2 Ra2 45. Re2 Ra1 46. Rd2 Nxf2 47.
Kxf2 Rc1 48. Rc2 Rd1 49. Ke2 Rh1 50. h4 Rg1 51. Kf3 Kf7 52. Ra2 Rc1 53. Ra7+
Kg8 54. Rc7 Bg7 55. Ne2 Rc2 56. c4 Rb2 57. b5 Rb3+ 58. Kf2 Rb2 59. Rc8+ Kf7 60.
Rc7+ Kg8 61. Rc6 Bd4+ 62. Kf3 Rb3+ 63. Ke4 Re3+ 64. Kxd4 Rxe2 65. b6 Rg2 66. b7
1-0

[Event "Ukraine Championship-2017 U20 (Girls) R"]
[Site "Lviv"]
[Date "2017.03.01"]
[Round "7.1"]
[White "Kozachenko, Sofia"]
[Black "Osmak, Iulija"]
[Result "0-1"]
[WhiteElo "1602"]
[BlackElo "2291"]
[PlyCount "78"]
[EventDate "2017.03.01"]
[EventType "swiss (rapid)"]
[EventRounds "9"]
[EventCountry "UKR"]

1. e4 d6 2. d4 Nf6 3. f3 c5 4. dxc5 Qa5+ 5. c3 Qxc5 6. Qd4 Qc7 7. Na3 Nc6 8.
Qf2 a6 9. Be3 b5 10. g3 e6 11. Nc2 d5 12. exd5 Nxd5 13. Bd2 Ne5 14. f4 Nc4 15.
Bc1 Bb7 16. Bg2 Bc5 17. Nd4 b4 18. Nge2 bxc3 19. bxc3 O-O 20. O-O Rad8 21. Rd1
Qb6 22. Bxd5 Bxd5 23. h3 f6 24. Kh2 e5 25. Be3 Nxe3 26. Qxe3 exd4 27. cxd4 Bd6
28. Rab1 Qa7 29. Nc3 Rfe8 30. Qd3 Ba8 31. Rd2 Qd7 32. Qxa6 Be4 33. Rb6 Bc7 34.
Rb4 Bf5 35. Rb7 Qf7 36. Nb5 Bc8 37. Rxc7 Bxa6 38. Rxf7 Kxf7 39. Nc7 Re2+ 0-1

[Event "Ukraine Championship-2017 U20 (Girls) R"]
[Site "Lviv"]
[Date "2017.03.01"]
[Round "7.2"]
[White "Bezkorovaina, Mariia"]
[Black "Martynkova, Olena"]
[Result "0-1"]
[WhiteElo "2124"]
[BlackElo "1899"]
[PlyCount "72"]
[EventDate "2017.03.01"]
[EventType "swiss (rapid)"]
[EventRounds "9"]
[EventCountry "UKR"]

1. e4 c5 2. Nf3 e6 3. c3 d5 4. exd5 exd5 5. d4 Nc6 6. Bb5 Bd6 7. O-O Nge7 8.
Nbd2 O-O 9. dxc5 Bxc5 10. Nb3 Bd6 11. Be3 Bg4 12. Nbd4 Nxd4 13. Bxd4 Nf5 14.
Be2 Re8 15. h3 Bh5 16. Re1 Nxd4 17. Qxd4 Re4 18. Qd2 Qe7 19. Nd4 Qe5 20. f4
Rxf4 21. Bxh5 Qxh5 22. Nb5 Bc5+ 23. Kh2 Rf2 24. Qd3 Qg5 25. Qg3 Qxg3+ 26. Kxg3
Rxb2 27. a4 Bf2+ 28. Kf3 Bxe1 29. Rxe1 a6 30. Nc7 Rc8 31. Nxd5 Kf8 32. Re5 f6
33. Rh5 h6 34. g4 Rc5 35. Ke4 Rc4+ 36. Kf5 Kf7 0-1

[Event "Ukraine Championship-2017 U20 (Girls) R"]
[Site "Lviv"]
[Date "2017.03.01"]
[Round "7.3"]
[White "Barchuk, Irina"]
[Black "Mats, Diana"]
[Result "1/2-1/2"]
[WhiteElo "2078"]
[BlackElo "2051"]
[PlyCount "20"]
[EventDate "2017.03.01"]
[EventType "swiss (rapid)"]
[EventRounds "9"]
[EventCountry "UKR"]

1. e4 c5 2. Nf3 e6 3. d4 cxd4 4. Nxd4 a6 5. Nc3 Qc7 6. Bd3 Nc6 7. Nb3 d6 8. O-O
Nf6 9. Be3 Be7 10. Qe2 O-O 1/2-1/2

[Event "Ukraine Championship-2017 U20 (Girls) R"]
[Site "Lviv"]
[Date "2017.03.01"]
[Round "8.1"]
[White "Osmak, Iulija"]
[Black "Martynkova, Tetyana"]
[Result "1-0"]
[WhiteElo "2291"]
[BlackElo "1516"]
[PlyCount "61"]
[EventDate "2017.03.01"]
[EventType "swiss (rapid)"]
[EventRounds "9"]
[EventCountry "UKR"]

1. d4 Nf6 2. Bf4 g6 3. e3 Bg7 4. Be2 O-O 5. Nf3 d6 6. h3 c5 7. c3 b6 8. O-O Bb7
9. Nbd2 Nbd7 10. a4 a6 11. Re1 cxd4 12. exd4 Nd5 13. Bh2 Rc8 14. Bc4 e5 15. Qb3
Nf4 16. Bxf4 exf4 17. Ne4 Rxc4 18. Qxc4 d5 19. Qb3 dxe4 20. Nd2 Nf6 21. Nc4 Nd5
22. Rxe4 Nxc3 23. Ree1 Nd5 24. Ne5 Nf6 25. Rad1 Nd7 26. f3 Nxe5 27. dxe5 Qe7
28. e6 Qg5 29. exf7+ Rxf7 30. Rd7 Qf6 31. Rxb7 1-0

[Event "Ukraine Championship-2017 U20 (Girls) R"]
[Site "Lviv"]
[Date "2017.03.01"]
[Round "8.2"]
[White "Martynkova, Olena"]
[Black "Barchuk, Irina"]
[Result "1/2-1/2"]
[WhiteElo "1899"]
[BlackElo "2078"]
[PlyCount "97"]
[EventDate "2017.03.01"]
[EventType "swiss (rapid)"]
[EventRounds "9"]
[EventCountry "UKR"]

1. d4 Nf6 2. Nf3 g6 3. c4 Bg7 4. g3 O-O 5. Bg2 d6 6. O-O Nc6 7. Nc3 Bf5 8. d5
Na5 9. Nd2 c6 10. b4 Nxd5 11. cxd5 Bxc3 12. e4 Bxe4 13. Nxe4 Bxa1 14. bxa5 Bg7
15. dxc6 bxc6 16. Qa4 c5 17. Bd2 Rb8 18. Bc3 Qe8 19. Qc2 Qb5 20. h4 h5 21. Qd2
Bxc3 22. Nxc3 Qxa5 23. Qe3 Qa3 24. Bd5 Rb4 25. Bb3 c4 26. Bc2 Rb2 27. Bb1 Kh7
28. g4 hxg4 29. Qxe7 Qxc3 30. Qxf8 Qf3 31. h5 Rxb1 32. hxg6+ Kxg6 33. Rxb1 d5
34. Qd6+ f6 35. Rb8 Qd1+ 36. Kh2 Qf3 37. Qg3 Kf5 38. Qxf3+ gxf3 39. Kg3 Ke4 40.
Re8+ Kd3 41. Kxf3 c3 42. Re3+ Kd2 43. Re2+ Kd3 44. Re3+ Kd2 45. Re2+ Kd3 46.
Re3+ Kd2 47. Re2+ Kd3 48. Re3+ Kd2 49. Re2+ 1/2-1/2

[Event "Ukraine Championship-2017 U20 (Girls) R"]
[Site "Lviv"]
[Date "2017.03.01"]
[Round "8.3"]
[White "Mats, Diana"]
[Black "Bezkorovaina, Mariia"]
[Result "0-1"]
[WhiteElo "2051"]
[BlackElo "2124"]
[PlyCount "98"]
[EventDate "2017.03.01"]
[EventType "swiss (rapid)"]
[EventRounds "9"]
[EventCountry "UKR"]

1. Nf3 Nf6 2. g3 c5 3. Bg2 Nc6 4. d3 g6 5. O-O Bg7 6. e4 O-O 7. Nbd2 d6 8. c3
Bg4 9. h3 Bd7 10. Re1 e5 11. a4 Qc7 12. Nc4 Rad8 13. Be3 Be6 14. Qc2 Nxe4 15.
Ncxe5 dxe5 16. dxe4 Na5 17. Nd2 b6 18. Bf1 f5 19. Bg5 Rd7 20. exf5 Rxf5 21. Ne4
h6 22. Be3 Nc4 23. Bc1 Rf8 24. b3 Na5 25. Rb1 c4 26. b4 Nb3 27. Be3 Bf5 28. Bg2
Kh7 29. Rbd1 Rfd8 30. Qe2 Rd3 31. g4 Be6 32. Qf3 Rf8 33. Qg3 Qd7 34. Rxd3 Qxd3
35. g5 h5 36. Bf3 Bd5 37. Rd1 Rxf3 38. Qxf3 Qxe4 39. Qxe4 Bxe4 40. Rd7 a5 41.
Bxb6 axb4 42. cxb4 c3 43. Be3 Kg8 44. b5 Bf8 45. b6 c2 46. Rc7 Bc5 47. b7 Bxb7
48. Rxb7 Bxe3 49. Rxb3 c1=Q+ 0-1

[Event "Ukraine Championship-2017 U20 (Girls) R"]
[Site "Lviv"]
[Date "2017.03.01"]
[Round "9.1"]
[White "Osmak, Iulija"]
[Black "Badik, Yaryna"]
[Result "1-0"]
[WhiteElo "2291"]
[BlackElo "1835"]
[PlyCount "103"]
[EventDate "2017.03.01"]
[EventType "swiss (rapid)"]
[EventRounds "9"]
[EventCountry "UKR"]

1. d4 d5 2. Bf4 Nf6 3. e3 e6 4. c3 Bd6 5. Bg3 Bxg3 6. hxg3 Bd7 7. Nf3 Nc6 8.
Nbd2 Qe7 9. Bb5 a6 10. Bxc6 Bxc6 11. Ne5 Qd6 12. f4 Nd7 13. Qg4 g6 14. Rh6 Nxe5
15. fxe5 Qe7 16. O-O-O O-O-O 17. Rdh1 f5 18. exf6 Qxf6 19. Nf3 Qe7 20. Qh4 Qd6
21. Ne5 Be8 22. Rxh7 Rxh7 23. Qxh7 Qf8 24. Nf3 Qf5 25. Qh4 Bb5 26. Qf4 Bd3 27.
Qxf5 gxf5 28. Rh6 Re8 29. Ng5 Kd7 30. Rh7+ Re7 31. Rxe7+ Kxe7 32. Nh3 Kf6 33.
Nf4 Be4 34. Kd2 b6 35. Ke2 Bb1 36. a3 Ba2 37. Kf2 Bb3 38. Nd3 Bc4 39. Ne5 Bb5
40. g4 fxg4 41. Nxg4+ Kg5 42. Ne5 Be8 43. g4 Ba4 44. Kg3 Be8 45. Nf3+ Kg6 46.
Kf4 Kf6 47. g5+ Ke7 48. Ke5 Bh5 49. Nh4 Bg4 50. Ng2 Kf7 51. Nf4 Bf5 52. Nxd5
1-0

[Event "Ukraine Championship-2017 U20 (Girls) R"]
[Site "Lviv"]
[Date "2017.03.01"]
[Round "9.2"]
[White "Tribushna, Hanna"]
[Black "Martynkova, Olena"]
[Result "0-1"]
[WhiteElo "1755"]
[BlackElo "1899"]
[PlyCount "78"]
[EventDate "2017.03.01"]
[EventType "swiss (rapid)"]
[EventRounds "9"]
[EventCountry "UKR"]

1. e4 c5 2. Nc3 Nc6 3. g3 g6 4. Bg2 Bg7 5. d3 d6 6. f4 Nf6 7. Nf3 O-O 8. O-O
Rb8 9. h3 b5 10. g4 b4 11. Ne2 c4 12. f5 cxd3 13. cxd3 Nd7 14. Kh1 Ba6 15. Rb1
Qa5 16. Bg5 Bb5 17. d4 Qxa2 18. d5 Nce5 19. Bxe7 Rfe8 20. Bxd6 Rbc8 21. Bxb4
Qc4 22. Nxe5 Nxe5 23. f6 Bh6 24. Bd2 Bf8 25. Nc3 Ba6 26. Re1 Rb8 27. Qc1 Nd3
28. Bf1 Qd4 29. Bxd3 Bxd3 30. Ra1 Bxe4+ 31. Rxe4 Rxe4 32. Ra4 Bb4 33. Nxe4
Qxe4+ 34. Kg1 Bxd2 35. Qc7 Be3+ 36. Kh2 Rxb2+ 37. Kg3 Bf2+ 38. Kh2 Bh4+ 39. Kg1
Qe1# 0-1

[Event "Ukraine Championship-2017 U20 (Girls) R"]
[Site "Lviv"]
[Date "2017.03.01"]
[Round "9.3"]
[White "Kozachenko, Sofia"]
[Black "Bezkorovaina, Mariia"]
[Result "0-1"]
[WhiteElo "1602"]
[BlackElo "2124"]
[PlyCount "176"]
[EventDate "2017.03.01"]
[EventType "swiss (rapid)"]
[EventRounds "9"]
[EventCountry "UKR"]

1. e4 d6 2. d4 Nf6 3. f3 e5 4. dxe5 dxe5 5. Qxd8+ Kxd8 6. Be3 c6 7. c3 Be6 8.
Nd2 Kc7 9. Bc4 Bxc4 10. Nxc4 Nbd7 11. O-O-O b5 12. Nd2 Bc5 13. Bxc5 Nxc5 14.
Nb3 Nxb3+ 15. axb3 a5 16. Kc2 Rhd8 17. Ne2 Kb6 18. Ng3 g6 19. Rxd8 Rxd8 20. Rd1
Rxd1 21. Kxd1 Kc5 22. Kc2 h5 23. Nf1 Nd7 24. Ne3 Nf8 25. h3 Ne6 26. Kd2 Nf4 27.
Kc2 Kd6 28. Kd2 Ke6 29. h4 Kd6 30. g3 Ne6 31. Kd3 Nc5+ 32. Kc2 Ke6 33. b4 axb4
34. cxb4 Nd7 35. Kc3 f5 36. exf5+ gxf5 37. Kd3 Nb6 38. b3 Nd5 39. Nc2 Nf6 40.
Ne3 f4 41. gxf4 exf4 42. Nc2 Kd5 43. Nd4 Nd7 44. Ne2 Ne5+ 45. Kc3 Ng6 46. Kd3
Ke5 47. Nd4 Nxh4 48. Nxc6+ Kd5 49. Nd4 Ng2 50. Ne2 h4 51. Ng1 Ke5 52. Kc3 Ne3
53. Nh3 Nd5+ 54. Kd3 Nxb4+ 55. Kc3 Nd5+ 56. Kd3 Ne3 57. Kc3 Nd5+ 58. Kd3 Nb4+
59. Kc3 Nc6 60. Kd3 Nd4 61. Ng1 Nxb3 62. Kc3 Nd4 63. Kb4 Kd5 64. Nh3 Nxf3 65.
Nxf4+ Ke4 66. Nh3 Nd4 67. Kc5 Kd3 68. Kb4 Ke3 69. Kc5 Ke4 70. Kb4 Kd5 71. Nf4+
Kc6 72. Nh3 Nf5 73. Nf2 Ne3 74. Nh3 Nd5+ 75. Kb3 Kc5 76. Ng5 b4 77. Ne4+ Kd4
78. Ng5 Kc5 79. Ne4+ Kb5 80. Nd6+ Kc6 81. Ne4 h3 82. Kc4 h2 83. Nf2 Kd6 84.
Ne4+ Ke5 85. Nf2 Kf4 86. Kxd5 Kf3 87. Nh1 b3 88. Kc4 b2 0-1